LEADER 01075nam0-22003491i-450- 001 990007391740403321 005 20070711120058.0 010 $a88-14-08734-2 035 $a000739174 035 $aFED01000739174 035 $a(Aleph)000739174FED01 035 $a000739174 100 $a20030211d2001----km-y0itay50------ba 101 0 $aita 102 $aIT 105 $aa-------001yy 200 1 $aAnatomia del serial killer 2000$enuove prospettive di studio e intervento per un'analisipsico-socio-criminologica dell'omicidio seriale nel terzo millennio$fRuben De Luca$gprefazione di Carlo Serra 205 $a2 ed. riv. e ampl. 210 $aMilano$cGiuffrè$d2001 215 $aXXVI, 727 p.$cill.$d23 cm 610 0 $aCriminologia 676 $a364 700 1$aDe Luca,$bRuben$f<1970- >$0260112 801 0$aIT$bUNINA$gRICA$2UNIMARC 901 $aBK 912 $a990007391740403321 952 $a5,3-181$fDSPCP 952 $aIX E 209$b39113$fFSPBC 959 $aFSPBC 959 $aDSPCP 996 $aAnatomia del serial killer 2000$9692006 997 $aUNINA LEADER 01052nam0-22003611i-450- 001 990002565820403321 005 20121005194317.0 010 $a3540054146 035 $a000256582 035 $aFED01000256582 035 $a(Aleph)000256582FED01 035 $a000256582 100 $a20121005d1971----km-y0itay50------ba 101 0 $aeng 102 $aDE 200 1 $aLinear algebra$fJ.H. Wilkinson C. Reinsch 210 $aBerlin$cSpringer Verlag$d1971 215 $aviii, 439 p.$d24 cm 225 1 $a<>Grundlehren der mathematischen Wissenschaften$v186 300 $aHandbook for automatic computation Vol.2. 610 0 $aAlgebra lineare e multilineare$aTeoria generale 676 $a512 700 1$aWilkinson,$bJames Hardy$f<1919-1986>$0117737 701 1$aReinsch,$bC.$055207 801 0$aIT$bUNINA$gRICA$2UNIMARC 901 $aBK 912 $a990002565820403321 952 $aMXVII-A-52$b3512$fMAS 952 $aC-28-(186$b10927$fMA1 959 $aMAS 959 $aMA1 996 $aLinear algebra$9436656 997 $aUNINA